[Event "CHN-chT Div A Finals"]
[Site "Nanjing"]
[Date "2023.12.03"]
[Round "2.12"]
[White "Wan, Yunguo"]
[Black "Wang, Yue"]
[Result "1/2-1/2"]
[WhiteElo "2508"]
[BlackElo "2659"]
[PlyCount "61"]
[EventDate "2023.12.02"]
[EventType "team-tourn"]
[EventRounds "10"]
[EventCountry "CHN"]
[SourceTitle "CB50_2023"]
[SourceDate "2023.12.13"]
[SourceVersion "1"]
[SourceVersionDate "2023.12.13"]
[SourceQuality "1"]
[WhiteTeam "Chongqing Jiulongpo"]
[BlackTeam "Tianjin"]
[WhiteTeamCountry "CHN"]
[BlackTeamCountry "CHN"]

1. e4 e5 2. Nf3 Nc6 3. Bb5 Nf6 4. 0-0 Nxe4 5. Re1 Nd6 6. Nxe5 Be7 7. Bf1 Nf5 8. Bd3 Nfd4 9. c3 Nxe5 10. Rxe5 Nc6 11. Re1 d5 12. Bc2 d4 13. Be4 0-0 14. d3 Be6 15. Bf4 Bd6 16. Bxd6 Qxd6 17. c4 Rfe8 18. Na3 a6 19. Nc2 Rad8 20. Qh5 g6 21. Qg5 Kg7 22. Bxc6 f6 23. Qg3 Qxc6 24. Re4 Qb6 25. Rae1 c5 26. h4 Qd6 27. Qxd6 Rxd6 28. b4 b6 29. bxc5 bxc5 30. Na1 Kf7 31. Nb3 1/2-1/2

[Event "CHN-chT DivA"]
[Site "Fuling"]
[Date "2023.06.11"]
[Round "6.1"]
[White "Wei, Yi"]
[Black "Wan, Yunguo"]
[Result "1-0"]
[WhiteElo "2722"]
[BlackElo "2504"]
[PlyCount "117"]
[EventDate "2023.06.05"]
[EventType "team-tourn"]
[EventRounds "11"]
[EventCountry "CHN"]
[SourceTitle "CBM 214 Extra"]
[Source "ChessBase"]
[SourceDate "2023.07.31"]
[SourceVersion "1"]
[SourceVersionDate "2023.07.31"]
[SourceQuality "1"]
[WhiteTeam "Jiangsu"]
[BlackTeam "Chongqing Jiulongpo"]
[WhiteTeamCountry "CHN"]
[BlackTeamCountry "CHN"]

1. Nf3 Nf6 2. c4 c5 3. Nc3 Nc6 4. d4 cxd4 5. Nxd4 g6 6. e4 d6 7. Be2 Nxd4 8. Qxd4 Bg7 9. 0-0 0-0 10. Qd3 Be6 11. Be3 Nd7 12. Bd4 Bxd4 13. Qxd4 a6 14. b3 Qb6 15. Qd2 Rfc8 16. Kh1 Qa5 17. f4 Nf6 18. Qe3 Qc5 19. Qg3 b5 20. f5 Bd7 21. Nd5 Nxd5 22. exd5 bxc4 23. bxc4 Qd4 24. Rae1 Qe5 25. Qg5 h6 26. Qd2 Bxf5 27. Bg4 Be4 28. Bxc8 Rxc8 29. Rc1 Qg5 30. Qf2 f5 31. Rc3 Kg7 32. Rfc1 Rb8 33. Kg1 h5 34. h4 Qf6 35. g3 Qe5 36. Rb3 Rc8 37. Qd2 a5 38. Qc3 Qxc3 39. Rcxc3 Kf6 40. Kf2 Ke5 41. Ke3 a4 42. Rb4 g5 43. hxg5 h4 44. Rb7 e6 45. Re7 Bxd5 46. gxh4 Be4 47. Kd2 Rb8 48. g6 Rb2+ 49. Kd1 Rg2 50. g7 f4 51. Rf7 Kd4 52. Ra3 e5 53. h5 Bd3 54. h6 e4 55. Rxf4 Rg1+ 56. Kd2 Rg2+ 57. Ke1 Ke3 58. Rxe4+ Kxe4 59. h7 1-0

[Event "CHN-ch"]
[Site "Xinghua"]
[Date "2023.05.13"]
[Round "8"]
[White "Xu, Xiangyu"]
[Black "Wan, Yunguo"]
[Result "1/2-1/2"]
[WhiteElo "2596"]
[BlackElo "2497"]
[PlyCount "119"]
[EventDate "2023.05.06"]
[EventType "tourn"]
[EventRounds "11"]
[EventCountry "CHN"]
[EventCategory "9"]
[SourceTitle "CBM 215 Extra"]
[Source "ChessBase"]
[SourceDate "2023.09.30"]
[SourceVersion "1"]
[SourceVersionDate "2023.09.30"]
[SourceQuality "1"]

1. d4 Nf6 2. c4 e6 3. g3 d5 4. Bg2 Bb4+ 5. Nd2 0-0 6. Ngf3 b6 7. 0-0 Bb7 8. Ne5 a5 9. Qc2 Bd6 10. cxd5 exd5 11. Ndc4 Nbd7 12. Bf4 Be7 13. Rac1 c6 14. Nxd7 Nxd7 15. Nd6 Bxd6 16. Bxd6 Re8 17. Ba3 h6 18. Rfe1 Rc8 19. Bh3 Ra8 20. Qd2 Nf6 21. f3 Nh7 22. Bg2 Ng5 23. Rcd1 Qf6 24. Qf4 Qxf4 25. gxf4 Ne6 26. f5 Nc7 27. Bd6 Nb5 28. Bf4 a4 29. Kf2 c5 30. dxc5 bxc5 31. Bf1 c4 32. e4 a3 33. Rd2 Ra5 34. Rc1 Rea8 35. exd5 axb2 36. Rxb2 Bxd5 37. Bxc4 Bxc4 38. Rxc4 Rxa2 39. Rxa2 Rxa2+ 40. Kg3 f6 41. Kg4 Kh7 42. Rc5 Nd4 43. Rc4 h5+ 44. Kxh5 Nxf3 45. Kg4 Nxh2+ 46. Bxh2 Rxh2 47. Rc1 Rf2 48. Ra1 Kg8 49. Ra8+ Kf7 50. Ra7+ Kf8 51. Ra1 Ke7 52. Ra7+ Kd6 53. Ra6+ Kc5 54. Ra5+ Kb6 55. Ra1 Rd2 56. Rg1 Rd5 57. Kf4 Rd4+ 58. Kf3 Rd7 59. Kg4 Rd5 60. Kf4 1/2-1/2

[Event "CHN-chT"]
[Site "Nanjing"]
[Date "2023.02.22"]
[Round "9.1"]
[White "Wu, Yixing"]
[Black "Wan, Yunguo"]
[Result "0-1"]
[WhiteElo "1954"]
[BlackElo "2503"]
[PlyCount "118"]
[EventDate "2023.02.14"]
[EventType "team-swiss"]
[EventRounds "9"]
[EventCountry "CHN"]
[SourceTitle "CBM 212 Extra"]
[Source "ChessBase"]
[SourceDate "2023.03.31"]
[SourceVersion "1"]
[SourceVersionDate "2023.03.31"]
[SourceQuality "1"]
[WhiteTeam "Shenzhen"]
[BlackTeam "Hebei"]
[WhiteTeamCountry "CHN"]
[BlackTeamCountry "CHN"]

1. Nf3 Nf6 2. c4 g6 3. g3 Bg7 4. Bg2 0-0 5. 0-0 d5 6. d4 dxc4 7. Na3 a5 8. Nxc4 Be6 9. Nce5 Bd5 10. Bf4 Na6 11. Nd3 Nd7 12. Qd2 c6 13. Bh6 Bxh6 14. Qxh6 Nf6 15. Nde5 Nc7 16. Rad1 Ne6 17. Bh3 Bxf3 18. Nxf3 Qd5 19. Rfe1 Ne4 20. Qh4 Rae8 21. Bg2 Nf6 22. a3 Kg7 23. Bh3 Rd8 24. Rd3 h6 25. Bxe6 Qxe6 26. Qf4 a4 27. d5 Rxd5 28. Rxd5 cxd5 29. Qxa4 Rc8 30. Qb5 Qa6 31. Qb4 e6 32. Ne5 Rc7 33. Qd4 Qa5 34. Kf1 h5 35. Rd1 Rc2 36. a4 Qa6 37. Rd3 Qa5 38. Rf3 Qd2 39. Qxd2 Rxd2 40. Rb3 Ng4 41. Nxg4 hxg4 42. Rxb7 Rd1+ 43. Kg2 Ra1 44. Rb4 f5 45. e3 Kf6 46. b3 Ke5 47. Rb6 g5 48. h3 gxh3+ 49. Kxh3 Ke4 50. Kg2 e5 51. Re6 g4 52. Re8 Ra3 53. Rb8 d4 54. exd4 exd4 55. Rb5 d3 56. Rb4+ Kd5 57. Rb5+ Kd4 58. a5 d2 59. Rb4+ Kc3 0-1

[Event "CHN-chT Div A KO"]
[Site "Liaocheng"]
[Date "2023.02.11"]
[Round "6.4"]
[White "Chen, Yuan1111"]
[Black "Wan, Yunguo"]
[Result "1/2-1/2"]
[WhiteElo "2180"]
[BlackElo "2503"]
[PlyCount "80"]
[EventDate "2023.02.06"]
[EventType "team-k.o."]
[EventRounds "6"]
[EventCountry "CHN"]
[SourceTitle "CBM 212 Extra"]
[Source "ChessBase"]
[SourceDate "2023.03.31"]
[SourceVersion "1"]
[SourceVersionDate "2023.03.31"]
[SourceQuality "1"]
[WhiteTeam "Zhejiang"]
[BlackTeam "Chongqing Jiulongpo"]
[WhiteTeamCountry "CHN"]
[BlackTeamCountry "CHN"]

1. c4 Nf6 2. Nc3 e5 3. g3 d5 4. cxd5 Nxd5 5. Bg2 Nb6 6. d3 Be7 7. Nf3 Nc6 8. 0-0 0-0 9. a3 Re8 10. b4 Bf8 11. Bg5 f6 12. Be3 a5 13. Bxb6 cxb6 14. b5 Nd4 15. e3 Nxf3+ 16. Bxf3 Re7 17. d4 exd4 18. Qxd4 Qxd4 19. exd4 Bh3 20. Nd5 Bxf1 21. Nxe7+ Bxe7 22. Kxf1 Rd8 23. d5 Rc8 24. a4 Rc2 25. Re1 Bc5 26. Re2 Rc1+ 27. Kg2 Kf8 28. Re6 Kf7 29. Re2 Ra1 30. d6 Bxd6 31. Bd5+ Kf8 32. Ra2 Rd1 33. Bxb7 Ke7 34. Re2+ Kd8 35. Bc6 Be7 36. h4 Rd4 37. Re4 Rd2 38. Kf3 Bc5 39. Re2 Rxe2 40. Kxe2 Ke7 1/2-1/2

[Event "CHN-chT Div A KO"]
[Site "Liaocheng"]
[Date "2023.02.09"]
[Round "4.4"]
[White "Wan, Yunguo"]
[Black "Li, Chao B"]
[Result "0-1"]
[WhiteElo "2503"]
[BlackElo "2672"]
[PlyCount "124"]
[EventDate "2023.02.06"]
[EventType "team-k.o."]
[EventRounds "6"]
[EventCountry "CHN"]
[SourceTitle "CBM 212 Extra"]
[Source "ChessBase"]
[SourceDate "2023.03.31"]
[SourceVersion "1"]
[SourceVersionDate "2023.03.31"]
[SourceQuality "1"]
[WhiteTeam "Chongqing Jiulongpo"]
[BlackTeam "Beijing"]
[WhiteTeamCountry "CHN"]
[BlackTeamCountry "CHN"]

1. e4 c5 2. Nf3 d6 3. d4 cxd4 4. Nxd4 Nf6 5. Nc3 Nc6 6. Bg5 a6 7. Bxf6 gxf6 8. Qd2 h5 9. f4 Bd7 10. 0-0-0 b5 11. Kb1 e6 12. Nxc6 Bxc6 13. f5 Bh6 14. Qf2 b4 15. Ne2 e5 16. Qf3 Qb6 17. Qxh5 Ke7 18. Qf3 Qe3 19. Ng3 Qxf3 20. gxf3 Bf4 21. Ne2 Rxh2 22. Rxh2 Bxh2 23. c3 a5 24. cxb4 axb4 25. Nc1 Rb8 26. Bc4 Bf4 27. Nd3 Be3 28. Rh1 Ba4 29. Rh7 Be8 30. Rh8 Ba7 31. Rh2 Bc5 32. Rh7 Ba7 33. Kc2 Ba4+ 34. Kd2 Be8 35. Rh1 Bc5 36. Rh7 Rc8 37. Bb3 Rb8 38. Bc4 Rc8 39. Bb3 Rb8 40. f4 Bd4 41. fxe5 dxe5 42. Bc4 Rc8 43. Bd5 Rc7 44. Bb3 Rb7 45. Bd5 Rc7 46. Nxb4 Bxb2 47. Nd3 Bc3+ 48. Kd1 Ba5 49. Bb3 Rc3 50. Nb2 Bb4 51. Nc4 Bc6 52. Nb6 Bxe4 53. Rxf7+ Ke8 54. Ke2 Rxb3 55. Rxf6 Bf3+ 56. Kf1 Rb1+ 57. Kf2 e4 58. Re6+ Kd8 59. Nc4 Bc5+ 60. Kg3 Rg1+ 61. Kf4 Rg4+ 62. Ke5 e3 0-1

[Event "CHN-chT Div A KO"]
[Site "Liaocheng"]
[Date "2023.02.06"]
[Round "1.4"]
[White "Wan, Yunguo"]
[Black "Xu, Yi"]
[Result "1/2-1/2"]
[WhiteElo "2503"]
[BlackElo "2510"]
[PlyCount "60"]
[EventDate "2023.02.06"]
[EventType "team-k.o."]
[EventRounds "6"]
[EventCountry "CHN"]
[SourceTitle "CBM 212 Extra"]
[Source "ChessBase"]
[SourceDate "2023.03.31"]
[SourceVersion "1"]
[SourceVersionDate "2023.03.31"]
[SourceQuality "1"]
[WhiteTeam "Chongqing Jiulongpo"]
[BlackTeam "Shanghai"]
[WhiteTeamCountry "CHN"]
[BlackTeamCountry "CHN"]

1. e4 e5 2. Nf3 Nf6 3. Nxe5 d6 4. Nf3 Nxe4 5. d4 d5 6. Bd3 Bf5 7. 0-0 Be7 8. Re1 0-0 9. Nbd2 Nd6 10. Nf1 c6 11. Bf4 Bxd3 12. Qxd3 Na6 13. Ne3 Nc7 14. Re2 Ne6 15. Bxd6 Bxd6 16. g3 Re8 17. Rae1 Qf6 18. Ng4 Qg6 19. Qxg6 hxg6 20. Kf1 Nc7 21. Rxe8+ Rxe8 22. Rxe8+ Nxe8 23. Ke2 f6 24. Ne3 Kf7 25. Kd3 g5 26. h3 Ke6 27. c3 Nc7 28. h4 gxh4 29. Nxh4 Kf7 30. Nf3 Ke6 1/2-1/2

[Event "CHN-chT Div-A Rapid"]
[Site "Fuling"]
[Date "2022.09.12"]
[Round "6.2"]
[White "Wan, Yunguo"]
[Black "Huang, Renjie"]
[Result "1/2-1/2"]
[WhiteElo "2508"]
[BlackElo "2446"]
[PlyCount "84"]
[EventDate "2022.09.06"]
[EventType "team-tourn (rapid)"]
[EventRounds "11"]
[EventCountry "CHN"]
[SourceTitle "CBM 210 Extra"]
[Source "ChessBase"]
[SourceDate "2022.11.30"]
[SourceVersion "1"]
[SourceVersionDate "2022.11.30"]
[SourceQuality "1"]
[WhiteTeam "Chongqing Jiulongpo"]
[BlackTeam "Shandong"]
[WhiteTeamCountry "CHN"]
[BlackTeamCountry "CHN"]

1. e4 c5 2. Nf3 Nc6 3. d4 cxd4 4. Nxd4 Nf6 5. Nc3 e6 6. Ndb5 d6 7. Bf4 e5 8. Bg5 a6 9. Na3 b5 10. Nd5 Be7 11. Bxf6 Bxf6 12. c4 b4 13. Nc2 0-0 14. g3 a5 15. Bg2 g6 16. 0-0 Bg7 17. Qd3 Be6 18. Rad1 Rb8 19. b3 Qd7 20. f4 f5 21. Kh1 Kh8 22. Nde3 Rbd8 23. exf5 gxf5 24. fxe5 Nxe5 25. Qe2 Ng6 26. Nd5 Bxd5 27. Rxd5 f4 28. Qh5 fxg3 29. hxg3 Be5 30. Rxf8+ Rxf8 31. Rb5 Bxg3 32. Ne3 Qg7 33. Rb7 Ne7 34. Be4 Bf2 35. Qxh7+ Qxh7+ 36. Bxh7 Bxe3 37. Rxe7 Bc5 38. Bd3 Rf2 39. Re2 Rxe2 40. Bxe2 Kg7 41. Bf3 Kf6 42. Bc6 Ke5 1/2-1/2

[Event "CHN-chT Div-A"]
[Site "Fuling"]
[Date "2022.09.11"]
[Round "5.6"]
[White "Wan, Yunguo"]
[Black "Lin, Yi1111"]
[Result "1-0"]
[WhiteElo "2508"]
[BlackElo "2394"]
[PlyCount "99"]
[EventDate "2022.09.06"]
[EventType "team-tourn"]
[EventRounds "11"]
[EventCountry "CHN"]
[SourceTitle "CBM 210 Extra"]
[Source "ChessBase"]
[SourceDate "2022.11.30"]
[SourceVersion "1"]
[SourceVersionDate "2022.11.30"]
[SourceQuality "1"]
[WhiteTeam "Chongqing Jiulongpo"]
[BlackTeam "Hangzhou Zhenjiang"]
[WhiteTeamCountry "CHN"]
[BlackTeamCountry "CHN"]

1. e4 e5 2. Nf3 Nf6 3. Nxe5 d6 4. Nf3 Nxe4 5. d4 d5 6. Bd3 Bf5 7. 0-0 Be7 8. Nc3 Nc6 9. Re1 Nxc3 10. bxc3 Bxd3 11. Qxd3 0-0 12. Rb1 Rb8 13. c4 dxc4 14. Qxc4 Bd6 15. Qd3 h6 16. Bb2 Ne7 17. c4 c6 18. Nd2 Re8 19. g3 Bb4 20. Re4 Bxd2 21. Qxd2 Qd7 22. Rbe1 Nf5 23. d5 Rxe4 24. Rxe4 cxd5 25. cxd5 Rd8 26. Re5 f6 27. Re1 Nd6 28. Qd3 Re8 29. Rxe8+ Qxe8 30. Ba3 Qe1+ 31. Qf1 Qxf1+ 32. Kxf1 Nc4 33. Bc5 b6 34. Bb4 Kf7 35. Ke2 a5 36. Bc3 Ke7 37. Kd3 Nd6 38. Bd4 b5 39. Bc5 Kd7 40. g4 g6 41. Kd4 h5 42. h3 hxg4 43. hxg4 Nb7 44. Bb6 Kd6 45. f4 Kd7 46. g5 fxg5 47. fxg5 a4 48. Bc5 Nd6 49. Bxd6 Kxd6 50. a3 1-0

[Event "CHN-ch rapid"]
[Site "Shenyang"]
[Date "2019.12.18"]
[Round "9"]
[White "Bai, Jinshi"]
[Black "Wan, Yunguo"]
[Result "1/2-1/2"]
[WhiteElo "2469"]
[BlackElo "2499"]
[PlyCount "82"]
[EventDate "2019.12.17"]
[EventType "swiss (rapid)"]
[EventRounds "9"]
[EventCountry "CHN"]
[SourceTitle "CBM 193 Extra"]
[Source "ChessBase"]
[SourceDate "2020.01.31"]
[SourceVersion "1"]
[SourceVersionDate "2020.01.31"]
[SourceQuality "1"]

1. d4 Nf6 2. Nf3 g6 3. g3 Bg7 4. Bg2 0-0 5. 0-0 d5 6. c3 c6 7. Nbd2 Bf5 8. Re1 Nbd7 9. Nh4 Be6 10. e4 dxe4 11. Nxe4 Nxe4 12. Bxe4 Nf6 13. Bg2 Bd5 14. Nf3 Re8 15. Qe2 a5 16. a4 Qb6 17. Bf4 Rad8 18. h3 Nd7 19. Be3 Qc7 20. Bf4 Qb6 21. Be3 Qc7 22. h4 e5 23. dxe5 Nxe5 24. Nxe5 Qxe5 25. Bxd5 Rxd5 26. Qf3 Qc7 27. Bf4 Rxe1+ 28. Rxe1 Qd7 29. Qe4 Rd1 30. Rxd1 Qxd1+ 31. Kg2 Qd7 32. Be3 Qd8 33. h5 gxh5 34. Qf5 h4 35. Bg5 Qd5+ 36. Qxd5 cxd5 37. gxh4 d4 38. cxd4 Bxd4 39. b3 f5 40. Bd2 Bb6 41. Kf3 Kf7 1/2-1/2

[Event "CHN-ch blitz"]
[Site "Shenyang"]
[Date "2019.12.18"]
[Round "2"]
[White "Bu, Xiangzhi"]
[Black "Wan, Yunguo"]
[Result "1-0"]
[WhiteElo "2767"]
[BlackElo "2521"]
[PlyCount "91"]
[EventDate "2019.12.18"]
[EventType "swiss (blitz)"]
[EventRounds "9"]
[EventCountry "CHN"]
[SourceTitle "CBM 193 Extra"]
[Source "ChessBase"]
[SourceDate "2020.01.31"]
[SourceVersion "1"]
[SourceVersionDate "2020.01.31"]
[SourceQuality "1"]

1. c4 Nf6 2. g3 g6 3. Bg2 d5 4. cxd5 Nxd5 5. Nc3 Nxc3 6. bxc3 Bg7 7. Rb1 Nc6 8. h4 h6 9. Nf3 0-0 10. 0-0 b6 11. h5 Bb7 12. hxg6 fxg6 13. d4 Na5 14. Qc2 Qd6 15. e4 c5 16. d5 e5 17. c4 Bc8 18. Bb2 Bd7 19. Rbe1 b5 20. Nd2 g5 21. Re3 b4 22. f4 gxf4 23. gxf4 exf4 24. e5 Qe7 25. Ree1 Bf5 26. Qa4 Bd3 27. Qxa5 Bxf1 28. Rxf1 Bxe5 29. Bxe5 Qxe5 30. Qxc5 Rac8 31. Qxa7 Ra8 32. Qb6 Rxa2 33. Nf3 Qe3+ 34. Qxe3 fxe3 35. Rb1 e2 36. c5 b3 37. Nd4 b2 38. Nxe2 Ra1 39. Nc3 Rf4 40. d6 Kf8 41. Kh2 Rc4 42. Rxb2 Rxc3 43. Rb8+ Kg7 44. d7 Rd1 45. c6 Rcd3 46. c7 1-0

[Event "CHN-ch blitz"]
[Site "Shenyang"]
[Date "2019.12.18"]
[Round "4"]
[White "Xiang, Zeyu"]
[Black "Wan, Yunguo"]
[Result "0-1"]
[WhiteElo "2260"]
[BlackElo "2521"]
[PlyCount "68"]
[EventDate "2019.12.18"]
[EventType "swiss (blitz)"]
[EventRounds "9"]
[EventCountry "CHN"]
[SourceTitle "CBM 193 Extra"]
[Source "ChessBase"]
[SourceDate "2020.01.31"]
[SourceVersion "1"]
[SourceVersionDate "2020.01.31"]
[SourceQuality "1"]

1. d4 b5 2. e4 Bb7 3. Nd2 a6 4. c4 bxc4 5. Bxc4 e6 6. Qb3 Nc6 7. Qh3 Nxd4 8. Qd3 c5 9. Ngf3 Nxf3+ 10. Nxf3 Nf6 11. e5 Nd5 12. 0-0 Be7 13. Bd2 0-0 14. Rad1 Qc7 15. Rfe1 a5 16. Bg5 f6 17. exf6 Bxf6 18. Bxf6 Rxf6 19. Ne5 Raf8 20. f3 Rf5 21. Bxd5 Bxd5 22. Nc4 Rg5 23. Kh1 Qf4 24. Ne3 Qxf3 25. gxf3 Bxf3+ 26. Ng2 Bxg2+ 27. Kg1 Bf3+ 28. Kf2 Be4+ 29. Ke3 Bxd3 30. Rxd3 Re5+ 31. Kd2 Rf2+ 32. Kd1 Rxe1+ 33. Kxe1 Rxb2 34. Rxd7 Rxa2 0-1

[Event "CHN-ch rapid"]
[Site "Shenyang"]
[Date "2019.12.17"]
[Round "3"]
[White "Wan, Yunguo"]
[Black "Dai, Changren"]
[Result "1/2-1/2"]
[WhiteElo "2499"]
[BlackElo "2388"]
[PlyCount "121"]
[EventDate "2019.12.17"]
[EventType "swiss (rapid)"]
[EventRounds "9"]
[EventCountry "CHN"]
[SourceTitle "CBM 193 Extra"]
[Source "ChessBase"]
[SourceDate "2020.01.31"]
[SourceVersion "1"]
[SourceVersionDate "2020.01.31"]
[SourceQuality "1"]

1. e4 e5 2. Nf3 Nc6 3. Bc4 Bc5 4. c3 Nf6 5. d4 exd4 6. e5 d5 7. Bb5 Ne4 8. cxd4 Bb6 9. Nc3 0-0 10. Be3 Bg4 11. h3 Bh5 12. Qc2 Bg6 13. Qb3 Ne7 14. 0-0 c6 15. Bd3 Nd2 16. Nxd2 Bxd3 17. Rfe1 Bg6 18. Na4 Nf5 19. Nxb6 axb6 20. a4 Qc7 21. Qc3 c5 22. dxc5 Nxe3 23. Qxe3 bxc5 24. Rec1 Qb6 25. Qxc5 Qxb2 26. Nf3 h6 27. Qd4 Qxd4 28. Nxd4 Rfc8 29. Rd1 Re8 30. f4 Be4 31. a5 g5 32. g3 gxf4 33. gxf4 Kh7 34. Kf2 Rg8 35. Rg1 Rxg1 36. Kxg1 Rg8+ 37. Kf1 Rg3 38. Rc1 Rd3 39. Ne2 Rxh3 40. Rc7 Kg6 41. Rxb7 Ra3 42. Rb6+ Kg7 43. Kf2 h5 44. Ng3 Rf3+ 45. Kg2 Rxf4+ 46. Nxe4 Rxe4 47. a6 Rxe5 48. Rb2 Re7 49. Ra2 Ra7 50. Ra5 Kg6 51. Kf3 d4 52. Ke4 f5+ 53. Kxd4 Kg5 54. Ke3 Kg4 55. Kf2 h4 56. Kg2 f4 57. Ra3 h3+ 58. Rxh3 Rxa6 59. Rb3 Ra2+ 60. Kf1 f3 61. Rb8 1/2-1/2

[Event "CHN-chTB"]
[Site "Harbin"]
[Date "2019.07.22"]
[Round "4.3"]
[White "Ponkratov, Pavel"]
[Black "Wan, Yunguo"]
[Result "1-0"]
[WhiteElo "2651"]
[BlackElo "2521"]
[PlyCount "57"]
[EventDate "2019.07.20"]
[EventType "team-swiss"]
[EventRounds "11"]
[EventCountry "CHN"]
[SourceTitle "CBM 191 Extra"]
[Source "ChessBase"]
[SourceDate "2019.09.30"]
[SourceVersion "1"]
[SourceVersionDate "2019.09.30"]
[SourceQuality "1"]
[WhiteTeam "Shenzhen Ticai"]
[BlackTeam "Hebei Chess and Card Center"]
[WhiteTeamCountry "CHN"]
[BlackTeamCountry "CHN"]

1. d4 Nf6 2. c4 g6 3. f3 Bg7 4. e4 d6 5. Nc3 0-0 6. Be3 a6 7. Nge2 c6 8. a4 a5 9. g4 e5 10. Qd2 exd4 11. Nxd4 Na6 12. 0-0-0 Nc5 13. Kb1 Nfd7 14. h4 Ra6 15. h5 Qe7 16. Qh2 Bf6 17. g5 Bh8 18. Ndb5 Rb6 19. Rxd6 Be5 20. f4 Bxd6 21. Nxd6 Rb3 22. Bd4 Ne6 23. Bf6 Nxf6 24. gxf6 Qc7 25. hxg6 fxg6 26. e5 h5 27. Qc2 Rxc3 28. Qxg6+ Ng7 29. bxc3 1-0

[Event "Asian Continental op 18th"]
[Site "Xingtai"]
[Date "2019.06.08"]
[Round "2"]
[White "Wan, Yunguo"]
[Black "Huang, Renjie"]
[Result "1-0"]
[WhiteElo "2531"]
[BlackElo "2327"]
[PlyCount "55"]
[EventDate "2019.06.07"]
[EventType "swiss"]
[EventRounds "9"]
[EventCountry "CHN"]
[SourceTitle "CBM 190 Extra"]
[Source "ChessBase"]
[SourceDate "2019.07.15"]
[SourceVersion "1"]
[SourceVersionDate "2019.07.15"]
[SourceQuality "1"]

1. e4 c5 2. Nf3 Nc6 3. d4 cxd4 4. Nxd4 g6 5. c4 Nf6 6. Nc3 d6 7. f3 Nxd4 8. Qxd4 Bg7 9. Be3 0-0 10. Qd2 a5 11. b3 Be6 12. Rc1 Nd7 13. Be2 Nb6 14. h4 a4 15. h5 axb3 16. axb3 Nd7 17. Bh6 Nf6 18. g4 Qb6 19. Bxg7 Kxg7 20. hxg6 fxg6 21. Qh6+ Kf7 22. g5 Nh5 23. Qxh7+ Ng7 24. Rh6 Qg1+ 25. Kd2 Qd4+ 26. Kc2 Ke8 27. Rxg6 Kf7 28. Rxg7+ 1-0